Most Powerful Navies On a Map - Statistics

General Stats
  • This quiz has been taken 236 times
  • The average score is 9 of 10
Answers on the Map
Answers color-coded by a green-red scale on the quiz's map according to % correct below.
 
Answer Stats
# Answer % Correct
3 China
100%
2 Russia
99%
5 United Kingdom
99%
1 United States
99%
6 France
98%
7 India
98%
4 Japan
98%
8 South Korea
88%
9 Italy
87%
10 Taiwan
51%
No matching quizzes found
Score Distribution
Percent of People with Each Score
Percentile by Number Answered
Your Score History
You have not taken this quiz